000 00755nam a22002657a 4500
003 CHAP
005 20220329135524.0
008 971013s r 00010 d
010 _a38000
011 _a38972
035 _a43092
040 _cCHAP
090 _aR-555
100 0 0 _aMillis, D. H.
_975825
245 _aSmolth transport
500 _aSobretiro de: The salmon and trout magazine. May 1966, pp. 138-141
590 _aBATCH-UPD
_b10
_c20130110
_lUCH01
_h1454
590 _aBATCH-UPD
_b10
_c20130410
_lUCH01
_h0919
590 _aBATCH-UPD
_b10
_c20130914
_lUCH01
_h1819
590 _aCONVERSION
_b10
_c20130109
_lUCH01
_h1321
650 1 4 _aSalmón.
_9101769
901 _aBK
942 _cREIMP
949 _aR-555
_bBC
_cR
_d-98965
_eTS1
_i43092
_si
999 _c38000
_d38000